| 000 | 00441nam a22001697a 4500 | ||
|---|---|---|---|
| 999 |
_c160318 _d160318 |
||
| 005 | 20190124173349.0 | ||
| 010 | _aB-128315 | ||
| 020 |
_a8172763344 _c300.00 |
||
| 035 | _aB-128315 | ||
| 037 | _bBharatiya Vidya Bhavan | ||
| 082 | _aS | ||
| 100 | _aSuresh, V. Gouri | ||
| 245 |
_aStories from Bhaagavtham / _cV.Gouri Suresh |
||
| 260 |
_aMumbai _bBharatiya Vidya Bhavan _c2004 |
||
| 300 |
_a333p. _c22cm(pbk) |
||
| 942 |
_2ddc _cEN _hS _mSUR |
||